| 000 | 04090 a2200385 4500 | ||
|---|---|---|---|
| 005 | 20111013121211.0 | ||
| 010 | _a B-449713-726 | ||
| 020 |
_a8181436342 _c200.00 |
||
| 035 | _a B-449713-726 | ||
| 037 | _bबलूबेरी बुक्स | ||
| 082 | _a 305.5688 | ||
| 100 | 1 |
_aधर्मवीर _940958 |
|
| 245 | 1 |
_aदलित सिविल कानून / _cधर्मवीर |
|
| 246 |
_a _b 2रा संस्क |
||
| 260 |
_aनई दिल्ली _bवाणी प्रकाशन, _c2008 |
||
| 270 |
_a21-ए,दरियागंज _bनई दिल्ली _e110002 |
||
| 300 |
_a139पृ _c22सेमी (सजिल्द) |
||
| 490 |
_aमातृसत्ता, पितृसत्ता और जारसत्ता, खण्ड- पाँच _940959 |
||
| 942 |
_adpl _cHN _k _2ddc _mधर्मवी |
||
| 999 |
_c57594 _d57594 |
||